[Event "Agios Nikolaos op"]
[Site "Agios Nikolaos"]
[Date "1995.??.??"]
[Round "7"]
[White "Kuzmin, Gennadi P"]
[Black "Vojinovic, Goran"]
[Result "1-0"]
[WhiteElo "2545"]
[BlackElo "2440"]

1.e4 c5 2.Nf3 Nc6 3.d4 cxd4 4.Nxd4 Qc7 5.Nc3 e6 6.Be2 a6 7.O-O Nf6 8.Kh1 Bb4
9.Nxc6 bxc6 10.Qd4 Bd6 11.Qe3 O-O 12.f4 e5 13.f5 Be7 14.Qg3 Kh8 15.Bg5 h6
16.Qh3 Qd8 17.Rad1 Nh7 18.Be3 d6 19.Bc4 Qc7 20.Bb3 Bb7 21.Qh5 Bf6 22.Rf3 Qe7
23.Rh3 Bg5 24.Bg1 Rad8 25.a4 Kg8 26.Qe2 Rd7 27.a5 Qd8 28.Na4 Be7 29.Nb6 Rc7
30.Rg3 Nf6 31.c4 c5 32.Bc2 Qb8 33.Be3 Kh7 34.Rh3 Qd8 35.Bd2 Nd7 36.Bc3 Bc6
37.Qh5 Nf6 38.Qf3 Qb8 39.g4 Ne8 40.Bd2 Qd8 41.Be3 Bg5 42.Bxc5 Bxe4 43.Bxe4 Rxc5
44.b4 Rc7 45.c5  1-0

[Event "Ankara zt"]
[Site "Ankara"]
[Date "1995.??.??"]
[Round "3"]
[White "Minasian, Artashes"]
[Black "Grivas, Efstratios"]
[Result "0-1"]
[WhiteElo "2540"]
[BlackElo "2460"]

1.e4 c5 2.Nf3 Nc6 3.d4 cxd4 4.Nxd4 Qb6 5.Nb3 Nf6 6.Nc3 e6 7.Bd3 d6 8.Be3 Qc7
9.f4 a6 10.Qf3 Be7 11.O-O-O b5 12.Kb1 Nb4 13.g4 Bb7 14.g5 Nd7 15.Qh3 O-O
16.Rhg1 Rfc8 17.Rd2 Nxd3 18.cxd3 b4 19.Nd1 a5 20.Nf2 a4 21.Nd4 Ra5 22.Ng4 Rc5
23.Rdg2 Ba6 24.Bd2 a3 25.Nh6+ gxh6 26.g6 fxg6 27.Rxg6+ Kh8 28.Nxe6 Rh5 29.Rg8+ Rxg8
30.Rxg8+ Kxg8 31.Qg3+ Rg5 32.fxg5 Qb6 33.g6 Bf6 34.gxh7+ Kxh7 35.Qh3 Kg8
36.Qg4+ Kf7 37.Nf4 Nf8 38.Qh5+ Kg8 39.Qd5+ Kh8 40.Qf7 Bg7 41.Qe8 Qg1+ 42.Kc2 axb2
43.Be1 b1=Q+  0-1

[Event "Ano Liosia op"]
[Site "Ano Liosia"]
[Date "1995.??.??"]
[Round "3"]
[White "Alexakis, Dimitrios"]
[Black "Miladinovic, Igor"]
[Result "0-1"]
[WhiteElo "2275"]
[BlackElo "2535"]

1.e4 c5 2.Nf3 Nc6 3.d4 cxd4 4.Nxd4 Qc7 5.Nc3 e6 6.Be2 Ba3 7.O-O Nf6 8.Be3 Bb4
9.Na4 Be7 10.Nxc6 bxc6 11.Nb6 Rb8 12.Nxc8 Qxc8 13.e5 Nd5 14.Bc1 Bc5 15.Qd3 Qc7
16.Qe4 O-O 17.Kh1 f5 18.exf6 Nxf6 19.Qh4 d5 20.f4 e5 21.fxe5 Qxe5 22.Bf4 Qe4
23.Bf3 Qb4 24.a3 Qxb2 25.Bxb8 Rxb8 26.c4 Qe5 27.Rae1 Qd6 28.cxd5 cxd5 29.Qg5 Bxa3
30.Qf5 g6 31.Qxd5+ Kg7 32.Qxd6 Bxd6 33.Rd1 Bc5 34.Bd5 Ng4 35.Rf7+ Kh6 36.h3 Ne3
37.Rc1 Ba3 38.Ra1 Bb2 39.Ra6 Nxd5 40.Raxa7 Bd4 41.Rxh7+ Kg5 42.Rab7 Re8 43.g3 Re1+
44.Kg2 Re2+ 45.Kf3 Re3+ 46.Kg2 Be5 47.Rb5 Nc3 48.Ra5 Rxg3+ 49.Kf2 Ne4+ 50.Ke2 Kf4
51.Rh4+ Kf5 52.Rg4 Rxh3 53.Rxe5+ Kxg4 54.Rxe4+ Kg3 55.Re6 Kg2 56.Ke1 Rg3
57.Re2+ Kg1 58.Re4 g5 59.Re7 g4 60.Rg7 Re3+ 61.Kd2 Re4 62.Rg6 Kg2 63.Kd3 Ra4
64.Ke3 g3 65.Ke2 Re4+ 66.Kd3 Re7 67.Rh6 Kg1  0-1

[Event "Ano Liosia op"]
[Site "Ano Liosia"]
[Date "1995.??.??"]
[Round "7"]
[White "Mainka, Romuald"]
[Black "Miladinovic, Igor"]
[Result "1-0"]
[WhiteElo "2515"]
[BlackElo "2535"]

1.e4 c5 2.Nf3 Nc6 3.d4 cxd4 4.Nxd4 Qc7 5.Nc3 e6 6.Be3 Nf6 7.Bd3 a6 8.O-O h5
9.h3 b5 10.a3 Bb7 11.Qe1 Rc8 12.f4 Nxd4 13.Bxd4 Bc5 14.Bxc5 Qxc5+ 15.Kh1 d6
16.Qh4 Kf8 17.Rae1 b4 18.axb4 Qxb4 19.Ra1 Qxb2 20.Rab1 Qxc3 21.Rxb7 a5 22.Qg5 e5
23.fxe5 dxe5 24.Qe3 Rh6 25.Qa7 Rg6 26.Rxf7+ Kg8 27.Rb7 a4 28.Qf2 Rf8 29.Qe2 a3
30.Ra7 Kh7 31.Bc4 Kh6 32.Ra6 h4 33.Rf5 Rg5 34.Rf3 Qa1+ 35.Rf1 Qd4 36.Rd1 Qc5
37.Rd5 Qb4 38.Rb5 Qc3 39.Rb3 Qa1+ 40.Kh2 Qc1 41.Rf3 Kh7 42.Qf2 Rg3 43.Rxg3 Ng4+
44.Rxg4  1-0

[Event "Ano Liosia op"]
[Site "Ano Liosia"]
[Date "1995.??.??"]
[Round "9"]
[White "Agnos, Demetrios"]
[Black "Miladinovic, Igor"]
[Result "0-1"]
[WhiteElo "2445"]
[BlackElo "2535"]

1.e4 c5 2.Nf3 Nc6 3.d4 cxd4 4.Nxd4 Qc7 5.Nc3 e6 6.Be3 Nf6 7.Bd3 a6 8.O-O h5
9.h3 b5 10.a3 Bb7 11.Qe2 h4 12.f4 Nh5 13.Qf2 Be7 14.Rad1 Rc8 15.e5 Ng3 16.Rfe1 Nxd4
17.Bxd4 Bc5 18.Rd2 Bxd4 19.Qxd4 Qc5 20.Qxc5 Rxc5 21.Be4 Nxe4 22.Nxe4 Rd5
23.Nd6+ Ke7 24.Rxd5 Bxd5 25.Kh2 f6 26.Re3 g5 27.g3 gxf4 28.gxf4 Rg8 29.Re2 f5
30.b3 Rg3 31.c4 Bc6 32.cxb5 axb5 33.a4 bxa4 34.bxa4 Ra3 35.Re1 Rxa4 36.Rb1 Kd8
37.Nf7+ Kc7 38.Nd6 Rxf4 39.Ne8+ Kc8 40.Nd6+ Kd8  0-1

[Event "AUT-chT9495"]
[Site "?"]
[Date "1995.??.??"]
[Round "?"]
[White "Wittmann, Walter"]
[Black "Miniboeck, Guenter"]
[Result "0-1"]
[WhiteElo "2405"]
[BlackElo "2360"]

1.e4 c5 2.Nf3 Nc6 3.d4 cxd4 4.Nxd4 Qc7 5.Nc3 e6 6.g3 a6 7.Bg2 Nf6 8.O-O Nxd4
9.Qxd4 Bc5 10.Bf4 d6 11.Qd1 Bd7 12.Qe2 Bd4 13.Rfd1 e5 14.Bd2 O-O 15.Be1 b5
16.a3 Rac8 17.Rdc1 Bc6 18.Kh1 Qb7 19.f3 Rfe8 20.Bd2 h6 21.Nd1 d5 22.exd5 Nxd5
23.c3 Ba7 24.Ne3 Nf4 25.Qf2 Nd3 26.Qe2 Nxc1 27.Rxc1 Rcd8 28.Re1 Qd7 29.Bc1 Qd3
30.Qf2 f5 31.Bf1 Qd7 32.Bh3 g6 33.Rf1 Qb7 34.Qe2 h5 35.Ng2 Kh7 36.Nh4 Bd5
37.Re1 Bc4 38.Qc2 Bd3 39.Qd2 Qg7 40.Qg5 Bc5 41.Nxf5 Bxf5 42.Bxf5 gxf5 43.Qxh5+ Kg8
44.Bh6 Qf7 45.Qg5+ Kh7 46.Qh4 Be7 47.Bg5+ Kg8 48.Rxe5 Bxg5 49.Qxg5+ Qg7 50.Rxe8+ Rxe8
51.Qxf5 Re1+ 52.Kg2 Re2+ 53.Kf1 Rxh2 54.Qe6+ Kh7 55.Qe4+ Kh6 56.Qf4+ Kg6
57.Qg4+ Kf7 58.Qd7+ Kg8 59.Qe6+ Qf7 60.Qg4+ Kh8 61.Qd4+ Qg7 62.Qd8+ Kh7 63.Qd3+ Qg6
64.Qd7+ Kh6  0-1

[Event "Azov"]
[Site "Azov"]
[Date "1995.??.??"]
[Round "1"]
[White "Zakharov, Alexander V"]
[Black "Poluljahov, Aleksandr"]
[Result "0-1"]
[WhiteElo "2395"]
[BlackElo "2450"]

1.e4 c5 2.Nf3 Nc6 3.d4 cxd4 4.Nxd4 Qc7 5.Nc3 e6 6.Be2 a6 7.O-O Nf6 8.Be3 Be7
9.f4 d6 10.Qe1 O-O 11.Qg3 Nxd4 12.Bxd4 b5 13.a3 Bb7 14.Rad1 Bc6 15.Bf3 Rad8
16.Kh1 Qb7 17.Rfe1 Kh8 18.Rd3 Rfe8 19.Qh3 Qc7 20.f5 e5 21.Bf2 a5 22.g4 b4
23.g5 bxc3 24.gxf6 Bxf6 25.Rxc3 Qb7 26.Rb3 Qc7 27.Rd3 a4 28.Bg2 Rc8 29.Rc3 Qb7
30.b4 d5 31.b5 Bxb5 32.exd5 Bc4 33.d6 Bd5 34.Rd3 e4 35.Rd2 Be5 36.f6 Bc6
37.Red1 e3 38.Bxc6 Qxc6+ 39.Qg2 Qxg2+ 40.Kxg2 Rcd8  0-1

[Event "Azov"]
[Site "Azov"]
[Date "1995.??.??"]
[Round "3"]
[White "Gurevich, Vladimir"]
[Black "Poluljahov, Aleksandr"]
[Result "1/2-1/2"]
[WhiteElo "2445"]
[BlackElo "2450"]

1.e4 c5 2.Nf3 Nc6 3.d4 cxd4 4.Nxd4 Qc7 5.Nc3 e6 6.g3 a6 7.Bg2 Nf6 8.O-O Bc5
9.Nxc6 dxc6 10.Na4 Ba7 11.c4 b5 12.e5 Nd7 13.cxb5 axb5 14.Nc3 Ba6 15.Ne4 Nxe5
16.Bf4 O-O 17.b4 Rad8 18.Qc2 f6 19.Nc5 Bc8 20.Rad1 Rxd1 21.Rxd1 Rd8 22.Rxd8+ Qxd8
23.Bxe5 fxe5 24.Bxc6 Qd4 25.Bxb5 Qxb4 26.Nd3 Qxb5 27.Qxc8+ Kf7 28.Nxe5+ Qxe5
29.Qd7+ Kf6 30.Qxa7 Qe1+ 31.Kg2 Qe4+ 32.f3 Qc4 33.h4 h6 34.g4 Qe2+ 35.Qf2 Qc4
36.Qb2+ Kf7 37.h5 Kg8 38.a3 Kf7 39.Qb4 Qe2+ 40.Kg3 Kg8 41.Qe4 Qa6 42.a4 Qb6
43.Kg2 Qb2+ 44.Kh3 Qa2 45.Kg3 Kf7 46.Qf4+ Kg8 47.Qb8+ Kf7 48.Qc7+ Kg8 49.Qd7 Qe2
50.Qe8+ Kh7 51.Qg6+ Kg8 52.Qe4 Qa6 53.Qb4 Qf1 54.Qb3 Qg1+  1/2-1/2

[Event "Balatonbereny"]
[Site "Balatonbereny"]
[Date "1995.??.??"]
[Round "7"]
[White "Anka, Emil"]
[Black "Landa, Konstantin"]
[Result "1/2-1/2"]
[WhiteElo "2410"]
[BlackElo "2515"]

1.e4 c5 2.Nf3 Nc6 3.d4 cxd4 4.Nxd4 Qc7 5.Nc3 e6 6.f4 Nxd4 7.Qxd4 a6 8.Be3 b5
9.Be2 Bb7 10.Bf3 Rc8 11.O-O h5 12.Rad1 Nf6 13.h3 h4 14.Rf2 Bc5 15.Qxc5 Qxc5
16.Bxc5 Rxc5 17.Rd6 Ke7 18.Rb6 Bc6 19.Rxa6 Nh5 20.Bxh5 Rhxh5 21.a4 bxa4 22.Nxa4 Rc4
23.Nc3 Bxe4 24.Nxe4 Rxe4 25.Ra1 Rb5 26.c3 g6 27.Kh2 Re3 28.Rd2 Rb7 29.Ra8 Re1
30.Rh8 Rb1 31.Rxh4 R1xb2 32.Rxb2 Rxb2 33.Rh8 Kf6 34.Kg3 Rd2 35.Rc8 d5 36.Rc7 Rc2
37.Kf3 g5 38.fxg5+ Kxg5 39.Rxf7 Rxc3+ 40.Ke2 Kg6 41.Rf8 e5 42.g4 d4 43.h4 e4
44.Rf4 Re3+ 45.Kd2 Kh6 46.Rf6+ Kg7 47.Re6 Kf7 48.Re5 Kf6 49.Re8 Rd3+ 50.Ke2 Re3+
51.Kd2  1/2-1/2

[Event "Oberliga Bayern9596"]
[Site "Bayern"]
[Date "1995.??.??"]
[Round "?"]
[White "Dengler, Peter"]
[Black "Kraeussling, Andreas"]
[Result "0-1"]
[WhiteElo "2290"]
[BlackElo "2315"]

1.e4 c5 2.Nf3 Nc6 3.d4 cxd4 4.Nxd4 Qb6 5.Nb3 Nf6 6.Nc3 e6 7.Be3 Qc7 8.Bd3 a6
9.O-O Be7 10.f4 d6 11.Qf3 O-O 12.g4 b5 13.g5 Nd7 14.Qh5 g6 15.Qh6 Re8 16.Rf3 Bf8
17.Qh4 Qd8 18.Rh3 h5 19.Rf1 Bb7 20.Ne2 Nb4 21.Ng3 Nxd3 22.cxd3 Bg7 23.Nxh5 gxh5
24.Qxh5 Re7 25.f5 exf5 26.Nd4 Re5 27.Nxf5 Rxf5 28.Rxf5 Qe7 29.g6 Nf6 30.gxf7+ Qxf7
31.Qg5 Bc8 32.Rhf3 Bxf5 33.Rxf5 Rf8 34.Bd4 Qe6 35.Qg6 Rf7 36.Bc3 Qe7 37.a3 Ne8
38.Rh5 Qa7+ 39.d4 Nf6 40.Rf5 Qe7 41.e5 Ne8 42.Bb4 Rxf5 43.Qxf5 Qf7 44.Qc8 Qg6+
45.Kf2 dxe5 46.dxe5 Bxe5 47.Bc3 Bxh2 48.a4 bxa4 49.Ke2 Qe4+ 50.Kf2 Qg6 51.Ke2 Bc7
52.Qd7 Qe4+ 53.Kd1 Bd6 54.Qc8 Qd3+ 55.Bd2 Kf8 56.Kc1 a3 57.Bh6+ Kf7 58.Qd7+ Kg6
59.Qxe8+ Kxh6 60.Qh8+ Kg6 61.Qg8+ Kf6 62.Qd8+ Ke5 63.Qh8+ Kd5 64.Qg8+ Kc5
65.b4+ Kd4 66.Qg4+ Kc3 67.Qg7+ Kb3  0-1

[Event "Lee Cup"]
[Site "Beijing"]
[Date "1995.??.??"]
[Round "11"]
[White "Stangl, Anita"]
[Black "Wu Shaobin"]
[Result "0-1"]
[WhiteElo "2130"]
[BlackElo "2430"]

1.e4 c5 2.Nf3 Nc6 3.d4 cxd4 4.Nxd4 Qb6 5.Nb3 Nf6 6.Nc3 e6 7.Be3 Qc7 8.Bd3 Be7
9.f4 d6 10.Qf3 a6 11.a4 b6 12.h3 O-O 13.g4 Nd7 14.g5 Nb4 15.Rg1 Bb7 16.Qe2 Nc5
17.Nd4 Rfe8 18.Rg4 Bf8 19.Nf3 Rad8 20.Rh4 g6 21.Bd4 Ncxd3+ 22.cxd3 e5 23.Be3 d5
24.Rc1 Qd7 25.Nxe5 Rxe5 26.fxe5 d4 27.Nd5 Nxd5 28.exd5 dxe3 29.d6 Qf5 30.Rc7 Qxe5
31.Qf1 Bd5 32.Ke2 Bxd6 33.Rc2 Qh2+  0-1

[Event "Benasque"]
[Site "Benasque"]
[Date "1995.??.??"]
[Round "5"]
[White "Martin Gonzalez, Angel"]
[Black "Lalic, Bogdan"]
[Result "1/2-1/2"]
[WhiteElo "2420"]
[BlackElo "2590"]

1.e4 c5 2.Nf3 Nc6 3.d4 cxd4 4.Nxd4 Qc7 5.Nc3 e6 6.f4 Nxd4 7.Qxd4 a6 8.Bd3 b5
9.Bd2 Bb7 10.a4 b4 11.Na2 Nf6 12.Qe3 d5 13.e5 d4 14.Qe2 Nd5 15.O-O Bc5 16.f5 exf5
17.Rxf5 g6 18.Rg5 O-O 19.Qh5 Rae8 20.Re1 Re6 21.Nc1 Rfe8 22.Nb3 Ne3 23.Nxc5 Qxc5
24.Qh6 Rxe5 25.Bxg6 hxg6 26.Rxg6+ fxg6 27.Qxg6+ Kh8  1/2-1/2

[Event "Ciocaltea mem"]
[Site "Bucharest"]
[Date "1995.??.??"]
[Round "4"]
[White "Istratescu, Andrei"]
[Black "Atalik, Suat"]
[Result "1/2-1/2"]
[WhiteElo "2505"]
[BlackElo "2500"]

1.e4 c5 2.Nf3 Nc6 3.d4 cxd4 4.Nxd4 Qb6 5.Nb3 Nf6 6.Nc3 e6 7.Be3 Qc7 8.f4 Bb4
9.Bd3 Bxc3+ 10.bxc3 d6 11.O-O e5 12.Kh1 Ng4 13.Bg1 exf4 14.Rxf4 Nge5 15.Nd4 O-O
16.Nf5 f6 17.Bb5 Rd8 18.Ba4 Bxf5 19.Bb3+ Be6 20.Bxe6+ Kf8 21.Qh5 Ke7 22.Bd5 Rh8
23.Qh3 Qd7 24.Qg3 Ke8 25.Rd1 Rd8 26.c4 Qe7 27.Qa3 b6 28.Qa4 Qc7 29.Bd4  1/2-1/2

[Event "Budapest Elekes"]
[Site "Budapest"]
[Date "1995.??.??"]
[Round "1"]
[White "Almasi, Istvan"]
[Black "Horvath, Jozsef"]
[Result "0-1"]
[WhiteElo "2375"]
[BlackElo "2515"]

1.e4 c5 2.Nf3 Nc6 3.d4 cxd4 4.Nxd4 Qc7 5.Nb5 Qb8 6.c4 Nf6 7.N5c3 e6 8.f4 d6
9.Be3 Be7 10.Bd3 b6 11.O-O Bb7 12.Nd2 O-O 13.a3 Nd7 14.Qf3 Nc5 15.Bc2 Bf6
16.Qh3 Bxc3 17.bxc3 e5 18.f5 f6 19.Rf3 Ne7 20.Qh4 Rf7 21.Raf1 Qc7 22.Rh3 g5
23.Qh5 Kf8 24.Rg3 Ng8 25.h4 h6 26.Rff3 Rg7 27.Qg4 h5 28.Qxh5 Rh7 29.Qg6 Rh6
30.hxg5 Rxg6 31.fxg6 Ne6 32.gxf6 Nf4 33.f7 Ne2+ 34.Kf2 Nxg3 35.Rxg3 Kg7 36.Nf3 Nf6
37.Ng5 Qxc4 38.Rh3 Ng4+ 39.Kf3 Nxe3 40.Rh7+ Kxg6  0-1

[Event "Budapest FS06 GM"]
[Site "Budapest"]
[Date "1995.??.??"]
[Round "4"]
[White "Metz, Hartmut"]
[Black "Horvath, Jozsef"]
[Result "0-1"]
[WhiteElo "2315"]
[BlackElo "2515"]

1.e4 c5 2.Nf3 Nc6 3.d4 cxd4 4.Nxd4 Qc7 5.Nb5 Qb8 6.c4 Nf6 7.N5c3 e6 8.Be2 Bc5
9.O-O b6 10.Nd2 Bb7 11.Nb3 Bb4 12.Qc2 Ne7 13.Bf3 Ng6 14.g3 O-O 15.Bg5 Bxc3
16.bxc3 Qe5 17.Bxf6 Qxf6 18.Bg2 Qe7 19.Rfb1 Ne5 20.c5 Ba6 21.f4 Nc4 22.Qf2 e5
23.Kh1 d6 24.cxb6 Nxb6 25.Rd1 Rac8 26.Rac1 Rc7 27.Na5 Rfc8 28.Qd2 Rc5 29.Nb3 Nc4
30.Qf2 R5c7 31.f5 h6 32.h4 Bb7 33.Rd3 a5 34.Rg1 a4 35.Nc1 Rc5 36.g4 d5 37.exd5 e4
38.Rd4 Bxd5 39.Qg3 Ne5 40.g5 Rxc3 41.Qf4 hxg5 42.hxg5 Nf3 43.Ne2 Nxd4 44.Nxd4 Qc5
45.Ne2 Rf3 46.Qg4 Qe3 47.f6 Be6 48.Qh4 Bh3 49.g6 Bxg2+ 50.Kxg2 Qxe2+ 51.Kh1 Rxf6
52.gxf7+ Kxf7 53.Qh5+ Qxh5+  0-1

[Event "HUN-ch"]
[Site "Budapest"]
[Date "1995.??.??"]
[Round "4"]
[White "Horvath, Csaba"]
[Black "Adorjan, Andras"]
[Result "1-0"]
[WhiteElo "2540"]
[BlackElo "2530"]

1.e4 c5 2.Nf3 Nc6 3.d4 cxd4 4.Nxd4 Qb6 5.Nb3 Nf6 6.Nc3 e6 7.Bd3 d6 8.Be3 Qc7
9.f4 a6 10.Qf3 b5 11.g4 h6 12.O-O-O Rb8 13.Kb1 b4 14.Ne2 e5 15.h3 a5 16.Ng3 a4
17.Nd2 b3 18.cxb3 Nb4 19.Rc1 Qa5 20.Nc4 Qa8 21.Nb6 Rxb6 22.Bxb6 exf4 23.Rxc8+ Qxc8
24.Bb5+ Nd7 25.Rc1 Qb8 26.Nf5 g6 27.Rc7 Qxb6 28.Rc8+ Qd8 29.Qc3  1-0

[Event "Budapest FS04 GM"]
[Site "Budapest"]
[Date "1995.??.??"]
[Round "5"]
[White "Borocz, Istvan"]
[Black "Illner, Achim"]
[Result "1-0"]
[WhiteElo "2415"]
[BlackElo "2355"]

1.e4 c5 2.Nf3 Nc6 3.d4 cxd4 4.Nxd4 Qb6 5.Nb3 Nf6 6.Nc3 e6 7.a3 a6 8.Bf4 Ne5
9.Be2 d6 10.Be3 Qc7 11.f4 Nc4 12.Bxc4 Qxc4 13.Qf3 d5 14.e5 Nd7 15.Bd4 Nb8
16.Rd1 Be7 17.Qg3 O-O 18.f5 f6 19.exf6 Bxf6 20.Bxf6 Rxf6 21.Rd4 Qc6 22.O-O exf5
23.Nxd5 Rf7 24.Qg5 Qd6 25.Ne7+ Qxe7 26.Rd8+ Qf8 27.Rxf8+ Rxf8 28.Nd4 Nc6
29.Nxf5 Bxf5 30.Rxf5 Rxf5 31.Qxf5 Rd8 32.h3 g6 33.Qe6+ Kg7 34.b4 Rf8 35.c4 Rf6
36.Qc8 Rf7 37.b5  1-0

[Event "Budapest FS02 GM"]
[Site "Budapest"]
[Date "1995.??.??"]
[Round "7"]
[White "Anka, Emil"]
[Black "Fogarasi, Tibor"]
[Result "0-1"]
[WhiteElo "2410"]
[BlackElo "2500"]

1.e4 c5 2.Nf3 Nc6 3.d4 cxd4 4.Nxd4 Qb6 5.Nb3 Nf6 6.Nc3 e6 7.Be3 Qc7 8.f4 d6
9.Qf3 a6 10.O-O-O b5 11.Bd3 Rb8 12.g4 h6 13.Kb1 b4 14.Ne2 e5 15.h3 a5 16.Nd2 a4
17.b3 exf4 18.Bxf4 Ne5 19.Bxe5 dxe5 20.Nc4 Be6 21.Ng3 Nd7 22.Nf5 g6 23.Nfe3 Bg7
24.h4 O-O 25.h5 Qd8 26.Nd6 Nc5 27.Bc4 Qg5 28.Bxe6 Nxe6 29.Nd5 Nd4 30.Qg2 Rbd8
31.Nc4 Rxd5 32.exd5 Nb5 33.Rd3 e4 34.Qxe4 Qf6 35.Kc1 Nc3 36.Rxc3 Qxc3 37.Kd1 Qa1+
38.Ke2 Qxa2 39.Rh3 f5 40.gxf5 gxf5 41.Qd3 f4 42.d6 axb3 43.Qxb3 Re8+ 44.Kd2 Bc3+
45.Rxc3 bxc3+ 46.Qxc3 Qa7 47.Qd3 Qf2+ 48.Kc3 Qe1+ 49.Kd4 Qa1+ 50.Kd5 Qa8+
51.Kd4 Qa7+ 52.Kc3 Qa1+ 53.Kb4 Rb8+ 54.Kc5 Qg1+ 55.Kd5 Rb5+ 56.Kc6 Qc5+ 57.Kd7 Qxh5
58.Qe4 Qf7+ 59.Qe7 Rb7+  0-1

[Event "Budapest FS04 GM"]
[Site "Budapest"]
[Date "1995.??.??"]
[Round "9"]
[White "Farago, Sandor"]
[Black "Illner, Achim"]
[Result "0-1"]
[WhiteElo "2360"]
[BlackElo "2355"]

1.e4 c5 2.Nf3 Nc6 3.d4 cxd4 4.Nxd4 Qb6 5.Nb3 Nf6 6.Nc3 e6 7.Be3 Qc7 8.a3 a6
9.f4 d6 10.Bd3 Be7 11.O-O O-O 12.Kh1 b5 13.Qf3 Bb7 14.Qh3 Rad8 15.Rae1 Rfe8
16.Rf3 b4 17.Na4 Qb8 18.Rg3 g6 19.Qh6 Bf8 20.Qh4 Bg7 21.Rh3 h5 22.Qg3 d5
23.e5 Ne4 24.Qf3 bxa3 25.bxa3 Ne7 26.Nac5 Qa8 27.Nxb7 Qxb7 28.Qf1 Ra8 29.Nd4 Reb8
30.Rf3 Bf8 31.Qg1 Nf5 32.Nxf5 exf5 33.a4 Qb4 34.Ra1 a5 35.Rff1 Bc5 36.Bb5 Bxe3
37.Qxe3 Qc3 38.Qe2 Rc8 39.Rad1 d4 40.Rd3 Qb2 41.Rb3 Qxc2 42.Rb2 Qxe2 43.Rxe2 Rc3
44.g3 d3 45.Rb2 d2 46.Kg2 Rc1 47.Be2 Rxf1 48.Kxf1 Rd8  0-1

[Event "Budapest FS08 IM-B"]
[Site "Budapest"]
[Date "1995.??.??"]
[Round "9"]
[White "Gardner, Robert"]
[Black "Payen, Arnaud"]
[Result "1/2-1/2"]
[WhiteElo "2185"]
[BlackElo "2345"]

1.e4 c5 2.Nf3 Nc6 3.d4 cxd4 4.Nxd4 Qb6 5.Nb5 a6 6.Be3 Qd8 7.N5c3 b5 8.a4 b4
9.Nd5 Rb8 10.a5 Nxa5 11.Qh5 Nc6 12.Bxa6 Nf6 13.Nxf6+ gxf6 14.Bc4 e6 15.O-O Qc7
16.Bh6 Qe5 17.Qxe5 fxe5 18.Bxf8 Rxf8 19.Nd2 Ke7 20.Nb3 Bb7 21.f3 Ra8 22.Nc5 Rxa1
23.Rxa1 Ra8 24.Rxa8 Bxa8 25.Kf2 Na5 26.Bb5 Bc6 27.Bxc6 Nxc6 28.Ke3 d5 29.Kd3 Kd6
30.Nb7+ Kc7 31.Nc5 Kd6 32.Nb7+ Ke7 33.Nc5 f5 34.Nb3 Kd6 35.c3 bxc3 36.bxc3 h5
37.g3 Ke7 38.Nc5 Na5 39.exf5 exf5 40.Na4 Kd6 41.Nb6 Nb3 42.Nc8+ Ke6 43.Ke3 Na5
44.Nb6 Nc6 45.h3 Ke7 46.c4 dxc4  1/2-1/2

[Event "Buenos Aires tt"]
[Site "Buenos Aires"]
[Date "1995.??.??"]
[Round "3"]
[White "Langier, Daniel"]
[Black "Fuentes, Alberto"]
[Result "1-0"]
[WhiteElo "2395"]
[BlackElo "2210"]

1.e4 c5 2.Nf3 Nc6 3.d4 cxd4 4.Nxd4 Qb6 5.Nb3 Nf6 6.Nc3 e6 7.Bd3 d6 8.O-O a6
9.a4 Bd7 10.a5 Qc7 11.Be3 Nb4 12.Bb6 Qc8 13.Qe2 Be7 14.Kh1 Bc6 15.f4 Nd7
16.Bd4 e5 17.fxe5 Nxe5 18.Bxe5 dxe5 19.Bc4 O-O 20.Rad1 Bd7 21.h3 Be6 22.Nd5 Nxd5
23.exd5 Bf5 24.d6 Bf6 25.Nd2 Be6 26.Bd3 Qd8 27.Ne4 Bg5 28.Nc5 Bf4 29.Nxe6 fxe6
30.Qg4 Qxa5 31.g3 Bh6 32.Qxe6+ Kh8 33.Rxf8+ Rxf8 34.Rf1 Rb8 35.d7 Qd8 36.Qxe5  1-0

[Event "Cannes Martinez op"]
[Site "Cannes"]
[Date "1995.??.??"]
[Round "2"]
[White "Berthelot, Yannick"]
[Black "Lupu, Mircea Sergiu"]
[Result "0-1"]
[WhiteElo "2285"]
[BlackElo "2490"]

1.e4 c5 2.Nf3 Nc6 3.d4 cxd4 4.Nxd4 Qb6 5.Nb5 a6 6.Be3 Qd8 7.N5c3 e6 8.Nd2 b5
9.a4 b4 10.Ne2 Nf6 11.Nf4 Bb7 12.Nh5 Rc8 13.Nxf6+ gxf6 14.Nc4 Ne5 15.Nb6 Bxe4
16.Nxc8 Qxc8 17.f4 Nc4 18.Bd4 Rg8 19.Bd3 Qc6 20.Qe2 Bxg2 21.Rg1 Bf3 22.Qf2 Rxg1+
23.Qxg1 e5 24.fxe5 fxe5 25.Bxc4 Qxc4 26.Qe3 e4 27.b3 Qd5 28.Bf6 Bc5 29.Qf4 d6
30.Qg5 Qxg5 31.Bxg5 Bd4 32.Rc1 a5 33.Kd2 Bc3+ 34.Ke3 d5 35.Rf1 d4+ 36.Kf2 f5  0-1

[Event "Cannes op"]
[Site "Cannes"]
[Date "1995.??.??"]
[Round "2"]
[White "Loeffler, Markus"]
[Black "Grivas, Efstratios"]
[Result "0-1"]
[WhiteElo "2320"]
[BlackElo "2460"]

1.e4 c5 2.Nf3 Nc6 3.d4 cxd4 4.Nxd4 Qb6 5.Nb3 Nf6 6.Nc3 e6 7.Be3 Qc7 8.Bd3 d6
9.f4 a6 10.Qf3 Be7 11.g4 b5 12.O-O-O Nb4 13.Kb1 Bb7 14.g5 Nd7 15.f5 Ne5 16.Qf4 exf5
17.Qxf5 O-O 18.h4 Rac8 19.h5 Nbxd3 20.cxd3 b4 21.Nd5 Bxd5 22.exd5 Qc2+ 23.Ka1 Qe2
24.Bf4 Qf3 25.g6 Qg4 26.gxh7+ Kh8 27.Qe4 f5 28.Qe3 Qf3 29.Qd2 Qxd5 30.h6 g6
31.Rhg1 Kxh7 32.d4 Ng4 33.Qxb4 Rf7 34.Rc1 Rxc1+ 35.Rxc1 Bf8 36.Qb8 Bxh6 37.Bxh6 Kxh6
38.Qh8+ Kg5 39.Rh1 Qg2 40.Qh4+ Kf4 41.Re1 Qf2 42.Qh1 Rh7 43.Qf1 Rh2 44.Qxf2+ Nxf2
45.Nc1 g5 46.b4 g4 47.a4 Ne4 48.b5 axb5 49.axb5 Rh7 50.Nd3+ Kf3 51.b6 Rb7
52.Rb1 Ke3 53.Rb3 Kxd4 54.Kb2 Nc5  0-1

[Event "Cannes op"]
[Site "Cannes"]
[Date "1995.??.??"]
[Round "3"]
[White "Lanka, Zigurds"]
[Black "Salaun, Yann"]
[Result "1-0"]
[WhiteElo "2510"]
[BlackElo "2355"]

1.e4 c5 2.Nf3 Nc6 3.d4 cxd4 4.Nxd4 Qb6 5.Nb3 Nf6 6.Nc3 e6 7.Bd3 d6 8.Qe2 a6
9.f4 Qc7 10.Be3 b5 11.g4 Nb4 12.g5 Nd7 13.O-O Be7 14.a3 Nxd3 15.cxd3 Bb7
16.f5 Nc5 17.Nd2 Rc8 18.d4 Na4 19.Nxa4 bxa4 20.fxe6 fxe6 21.Qf3 Bd8 22.Rf2 Qe7
23.Raf1 Ba5 24.d5 Rc2 25.Qd1 Rxb2 26.Qxa4+ Rb5 27.Nb3 Bc3 28.Qc4 Be5 29.dxe6 d5
30.exd5 Rxd5 31.Rf7  1-0

[Event "Cannes Masters"]
[Site "Cannes"]
[Date "1995.??.??"]
[Round "4"]
[White "Rouchouse, Stevens"]
[Black "Payen, Arnaud"]
[Result "1/2-1/2"]
[WhiteElo "2180"]
[BlackElo "2380"]

1.e4 c5 2.Nf3 Nc6 3.d4 cxd4 4.Nxd4 Qb6 5.Nb3 Nf6 6.Nc3 e6 7.Be3 Qc7 8.a3 a6
9.g3 b5 10.Bg2 Bb7 11.O-O d6 12.f4 Be7 13.g4 O-O 14.g5 Nd7 15.Rf3 Rfe8 16.Rh3 g6
17.Qe1 Bf8 18.Qh4 h5 19.gxh6 Kh7 20.Nd2 Be7 21.Qf2 b4 22.axb4 Nxb4  1/2-1/2

[Event "Cannes Martinez op"]
[Site "Cannes"]
[Date "1995.??.??"]
[Round "5"]
[White "Bes, Stephane"]
[Black "Joly, Fabrice"]
[Result "1-0"]
[WhiteElo "2240"]
[BlackElo "2100"]

1.e4 c5 2.Nf3 Nc6 3.d4 cxd4 4.Nxd4 Qc7 5.c4 e6 6.Be3 Nf6 7.Nc3 a6 8.Nxc6 bxc6
9.Bd3 Bb4 10.O-O Bxc3 11.bxc3 c5 12.f4 d6 13.e5 dxe5 14.fxe5 Qxe5 15.Qf3 Bb7
16.Bf4 Bxf3 17.Bxe5 Bc6 18.Bxf6 gxf6 19.Rxf6 Rd8 20.Be2 Rd2 21.Bf3 Bxf3 22.Rxf3 Rg8
23.g3 Rg4 24.Rb1 Rxc4 25.Rb8+ Rd8 26.Rxd8+ Kxd8 27.Rxf7 Rxc3 28.Rxh7 Ra3
29.Rh4 Rxa2 30.Rc4 a5 31.Rxc5 a4 32.h4 Ke7 33.g4 a3 34.g5 Rd2 35.Rc7+ Rd7
36.Rc2 Ra7 37.Ra2 Ra5 38.Kf2 Kf7 39.Kg3 Kg6 40.Kf4 Kh5 41.Ke4 Kg6 42.Kf4 Ra4+
43.Ke5 Kf7 44.g6+ Ke7 45.h5 Ra5+ 46.Ke4 Kf6 47.Rf2+ Kg7 48.Rf7+ Kg8 49.h6 Rh5
50.h7+  1-0

[Event "Cannes Martinez op"]
[Site "Cannes"]
[Date "1995.??.??"]
[Round "6"]
[White "Boudenne, Jean"]
[Black "Joly, Fabrice"]
[Result "1-0"]
[WhiteElo "2270"]
[BlackElo "2100"]

1.e4 c5 2.Nf3 Nc6 3.d4 cxd4 4.Nxd4 Qc7 5.Nb5 Qb8 6.c4 g6 7.N1c3 Bg7 8.Nd5 Be5
9.f4 Bd6 10.e5 Nxe5 11.Nxd6+ exd6 12.fxe5 dxe5 13.c5 d6 14.Be3 Bd7 15.Bc4 dxc5
16.O-O f5 17.Bxc5 b6 18.Bb4 b5 19.Bb3 a5 20.Bc3 Be6 21.Bxe5 Qxe5 22.Re1 Qxb2
23.Rxe6+ Kf8 24.Nc7 Rb8 25.Qd6+ Kg7 26.Rae1 Nh6 27.Re7+ Nf7 28.Rxf7+  1-0

[Event "Cannes Martinez op"]
[Site "Cannes"]
[Date "1995.??.??"]
[Round "9"]
[White "Marcantoni, Herve"]
[Black "Szabolcsi, Janos"]
[Result "0-1"]
[WhiteElo "2310"]
[BlackElo "2475"]

1.e4 c5 2.Nf3 Nc6 3.d4 cxd4 4.Nxd4 Qc7 5.Nc3 e6 6.g3 a6 7.Bg2 Nf6 8.O-O Bc5
9.Be3 Ne5 10.Bf4 d6 11.Nb3 Ba7 12.Qe2 Nc4 13.Bxd6 Nxd6 14.e5 O-O 15.exf6 gxf6
16.Qg4+ Kh8 17.Qh4 Ne8 18.Rae1 f5 19.Nd4 Ng7 20.Rd1 f6 21.Rfe1 Bd7 22.Rd2 Rad8
23.Red1 f4 24.Be4 f5 25.Bg2 fxg3 26.hxg3 Rc8 27.Nf3 Be8 28.Ng5 h5 29.Nh3 Bc5
30.Qg5 Kh7 31.Rd3 Be7 32.Qd2 b5 33.a3 a5 34.Rc1 b4 35.axb4 axb4 36.Ne2 Bb5
37.c4 Be8 38.Ng5+ Kg8 39.Nd4 Rf6 40.b3 Rg6 41.Ndxe6 Nxe6 42.Nxe6 Rxe6 43.Bd5 Bf7
44.Bxe6 Bxe6 45.Qh6 Bf7 46.Rcd1 Qe5 47.Re3 Qf6 48.Qf4 Bf8 49.Re5 Bg6 50.Rde1 Rc6
51.Rd5 Ra6 52.Kh2 Ra3 53.Re3 Ra1 54.Red3 Be7 55.Rd1 Ra3 56.Qc7 Ra2 57.Rd8+ Bf8
58.R1d2 Rxd2 59.Rxd2 h4 60.Qf4 hxg3+ 61.fxg3 Bf7 62.Rf2 Bc5 63.Re2 Bh5 64.Qb8+ Bf8
65.Qe5 Qg5 66.Ra2 Qh6 67.Kg2 Qc6+ 68.Qd5+ Qxd5+ 69.cxd5 Kf7 70.Ra6 Bd1 71.Rb6 Bc5
72.Rc6 Bd4 73.Rc7+ Kf6 74.d6 Bxb3 75.Kh3 Be6 76.Rh7 b3 77.d7 Bb6 78.Rh8 Ke7
79.Rb8 Bc7  0-1

[Event "Cappelle op"]
[Site "Cappelle la Grande"]
[Date "1995.??.??"]
[Round "2"]
[White "Salai, Ladislav"]
[Black "Ivliev, Oleg"]
[Result "1-0"]
[WhiteElo "2425"]
[BlackElo "2280"]

1.e4 c5 2.Nf3 Nc6 3.d4 cxd4 4.Nxd4 Qb6 5.Nb3 Nf6 6.Nc3 e6 7.Bd3 Be7 8.O-O O-O
9.Kh1 d6 10.f4 a5 11.Qe2 a4 12.Be3 Qd8 13.Nd4 e5 14.Ndb5 exf4 15.Rxf4 Ne5
16.Bd4 Be6 17.Nd1 Bg4 18.Qf1 Be6 19.Ne3 Nh5 20.Bxe5 dxe5 21.Rf3 Nf4 22.Bc4 Qb6
23.Nd5 Bxd5 24.exd5 Bd6 25.Re1 Rac8 26.g3 Ng6 27.Rf5 f6 28.Rh5 Ne7 29.Rh4 f5
30.Qe2 e4 31.g4 Ng6 32.Rh3 fxg4 33.Qxg4 Nf4 34.Rg3 Be5 35.Rxe4 Rxc4 36.Rxe5 Ng6
37.Qxc4 Nxe5 38.Qe2 Qf6 39.Nd4  1-0